000 00590nam a22001937a 4500
005 20260604110704.0
008 260604b |||||||| |||| 00| 0 eng d
020 _a9781398618657
_c6113.27
040 _aMAIN
041 _aEnglish
082 _a658.155
_bBOO
100 _aBoothroyd, Kate
_926634
245 _aFundamentals of Risk Management
_b : Understanding Evaluating And Implementing Effective Enterprise Risk Management
260 _aUnited Kingdom
_bKogan Page
_c2025
300 _a443
650 _aCommerce (PM USHA
_926705
700 _aThompson, Clive
_926635
942 _cBK
999 _c60984
_d60984